000 00646nam a2200205Ii 4500
003 JO-AjNU
008 230605s9999||||xx |||||||||||||| ||und||
040 _aJO-AjNU
_bara
_erda
_cJO-AjNU
041 _aara
050 1 4 _aQB981.D3812 2001
100 3 _aديفينز ، بول ؛ ترجمة احمد رمو ,
_eauthor
_935453
245 0 0 _aالدقائق الثلاث الاخيرة
250 _aط2
264 3 1 _aسوريا : دار علاء الريق ، 2001
300 _a131ص
336 _atext
_btxt
_2rdacontent
337 _aunmediated
_bn
_2rdamedia
338 _avolume
_bnc
_2rdacarrier
650 4 _aالكون-تاريخ
_935454
999 _aA14639
_c18207
_d18207